| 000 | 00527nam a22001697a 4500 | ||
|---|---|---|---|
| 999 |
_c8748 _d8748 |
||
| 008 | 201211b ||||| |||| 00| 0 eng d | ||
| 040 | _aBMS College of Architecture | ||
| 100 | _aThrey, A Shadari | ||
| 245 | _aSoulakhyam ayurvedic health retreat | ||
| 300 | _avi,55p. | ||
| 500 | _a1BM11AT061 | ||
| 502 |
_8B,Arch _NBMS College of Architecture, Visvesvaraya Technological University (VTU) _aProject report _d2015 |
||
| 650 | _aNA | ||
| 700 |
_aMadhu Divakar J _eGuide |
||
| 700 |
_aArathi K Parigi _eGuide |
||
| 942 |
_2ddc _cTHE |
||